000 01072cam a2200289 4500
001 ABS65219
008 020404n2002 000 0 eng u
035 _a(Sirsi) u117368
110 _aMott Green & Wall
245 _aCost model: hospitals
260 _c2002
490 _aBuilding Services Journal
_v March 2002, 28-30(3)
520 _aDiscusses PFI procurement in relation to NHS construction. Looks at the design issues involved with the design of hospitals and outlines the main areas of difficulties. Considers the implications of PFI procurement for design. Finally sets out the cost model based on the analysis of a new standalone specialist unit to an existing teaching hospital in London.
590 _aABS
650 _aCOST MODELS
650 _aHOSPITALS
650 _aPFI
650 _aProcurement-old
650 _aNHS
650 _aLONDON
650 _aDESIGN
650 _aSPECIFICATIONS
650 _aSERVICE INSTALLATIONS
690 _aBUILT ENVIRONMENT-BUILDING COSTS
710 _aDavis Langdon and Everest
_91155
942 _n0
999 _c69925
_d69925